Statistics for Features of a Map

Click here to take the quiz!

General Stats

  • This quiz has been taken 35 times
  • The average score is 7 of 13

Answer Stats

Clue Examples Feature % Correct
Little triangleEverest, AconcaguaMountain
88%
DotArea of civilizationCity
88%
Line around the country/stateN/ABorder
84%
Area of BlueLakes, RiverWater
81%
StarUsually, where the "president" livesCapital
78%
Shows you distancesMiles, KilometersScale
75%
Tells you what everything looks likeWater looks like...Key
72%
Lines that show things to drive onI-90, I-10Roads
63%
Usually green or grayMountains, PlainsLand
34%
The main pictureCities, riversMap
25%
WordsCity name, Country nameLabels
25%
Shows directionsNorth, East, SouthCompass Rose
16%
Only some maps have theseShows capital, population, and areaFact Box
3%

Score Distribution

Percentile by Number Answered

Percent of People with Each Score

Your Score History

You have not taken this quiz